| 000 -LEADER |
| fixed length control field |
00849nam a22002057a 4500 |
| 005 - DATE AND TIME OF LATEST TRANSACTION |
| control field |
20250709104531.0 |
| 008 - FIXED-LENGTH DATA ELEMENTS--GENERAL INFORMATION |
| fixed length control field |
250709s2021 en ||||| |||| 00| 0 eng d |
| 020 ## - INTERNATIONAL STANDARD BOOK NUMBER |
| International Standard Book Number |
9781032098791X |
| 080 ## - UNIVERSAL DECIMAL CLASSIFICATION NUMBER |
| Universal Decimal Classification number |
616 Li-66 |
| 100 ## - MAIN ENTRY--PERSONAL NAME |
| Personal name |
Li, Richard |
| Dates associated with a name |
(Author) |
| 9 (RLIN) |
25631 |
| 245 ## - TITLE STATEMENT |
| Title |
Forensic biology / |
| Statement of responsibility, etc. |
Richard Li |
| 250 ## - EDITION STATEMENT |
| Edition statement |
Second edition |
| 264 ## - PRODUCTION, PUBLICATION, DISTRIBUTION, MANUFACTURE, AND COPYRIGHT NOTICE |
| Place of production, publication, distribution, manufacture |
Boca Raton: |
| Name of producer, publisher, distributor, manufacturer |
CRC Press, Taylor & Francis Group, |
| Date of production, publication, distribution, manufacture, or copyright notice |
2021. |
| 300 ## - PHYSICAL DESCRIPTION |
| Extent |
xxi, 545 pages : |
| Other physical details |
color illustrations ; |
| Dimensions |
26 cm. |
| 653 ## - INDEX TERM--UNCONTROLLED |
| keyword |
Forensic biology |
| 653 ## - INDEX TERM--UNCONTROLLED |
| keyword |
Focusing on forensic serology and forensic DNA analysis, this book introduces students to the methods and techniques utilized |
| 653 ## - INDEX TERM--UNCONTROLLED |
| keyword |
Biologie légale, Forensic Medicine, Forensic biology, Forensic genetics, Forensic serology |
| 653 ## - INDEX TERM--UNCONTROLLED |
| keyword |
სასამართლო ბიოლოგია |
| 942 ## - ADDED ENTRY ELEMENTS (KOHA) |
| Source of classification or shelving scheme |
|
| Koha item type |
წიგნი |